000 01096nam a22002537a 4500
003 OSt
005 20251003180347.0
008 240404b ||||| |||| 00| 0 eng d
040 _c0
082 _aDPer 621.317 Ie21 October 2022 v. 37 n. 10
100 _aSun, Zhifeng.
_eauthor.
_956060
245 _aA unified common inductor and common capacitor current sharing method for multiphase LLC converter /
_cZhifeng Sun, Qin Wang, Qunfang Wu, Lan Xiao, Jinbo Li, Zhitian Liu, and Junlin Zhu.
260 _aNew York ;
_bThe Institute of Electrical and Electronics Engineers, Inc. ,
_cOctober 2022.
300 _aVolume 37, pages 12182-12196 :
_billustration ;
_c28 cm.
500 _aIEEE Transactions on Power Electronics, v. 37, n. 10, pages 12182-12196, October 2022.
700 _aSun, Zhifeng.
_eauthor.
_956060
700 _aWang, Qin.
_eauthor.
_956061
700 _aWu, Qunfang.
_eauthor.
_956062
700 _aXiao, Lan.
_eauthor.
_956063
700 _aLi, Jinbo.
_eauthor.
_956064
700 _aLiu, Zhitian.
_eauthor.
_956065
700 _aZhu, Junlin.
_eauthor.
_956066
942 _2ddc
_cPER
999 _c20017
_d20017